| 000 | 00855nam a2200253 i 4500 | ||
|---|---|---|---|
| 001 | 12142 | ||
| 003 | ES-MaACL | ||
| 005 | 20250801145413.0 | ||
| 007 | t| | ||
| 008 | 970416s1994 sp ||||1| spa d | ||
| 020 | _a84-321-3062-1 | ||
| 080 | _a82.09 | ||
| 080 | _a17 | ||
| 100 | 1 |
_aLópez Quintás, Alfonso. _973905 |
|
| 245 | 1 | 0 |
_aComo formarse en ética a través de la literatura _b: análisis estético de obras literarias / _cAlfonso López Quintás. |
| 260 |
_aMadrid : _bRialp, _c[1994] |
||
| 300 |
_a348 p. ; _c24 cm. |
||
| 490 | 1 | _aColección Textos del Instituto de Ciencias para la Familia | |
| 650 | 7 |
_aSimbolismo (Literatura) _2embne _917107 |
|
| 650 | 1 | 7 |
_aÉtica _2embne _912577 |
| 830 | 0 |
_aColección Textos del Instituto de Ciencias para la Familia _9228253 |
|
| 852 |
_aES-MaACL _jL-19443 _bR.125699 |
||
| 999 |
_c12142 _d12142 |
||